00533 2200205 4500001002100000005001500021035002000036245005000056100001600106250000600122300003400128260003300162082001000195084001600205020002300221650003200244990001700276990001700293990001700310INLIS00000000000080220190305124434 a0010-03190000151 aMengolah Sampah Menjadi Kompos /cEdi Warsidi0 aEdi Warsidi a- avi, 82 hm. :bilus. ;c21 cm. aBekasi :bMitra Utama,c2008 a628.4 a628.4 EDI m a978-602-8426-01-53 aTeknologi Pengolahan Sampah a02872/P/2018 a02873/P/2018 a02874/P/2018